01044 2200325 4500001002100000005001500021035002000036007000300056040001700059100003300076245017400109250001200283300003400295504002500329041000800354082001200362084001800374090002200392264004200414336002100456337003000477338002300507650001500530850001000545008004100555020002200596500004700618700003100665990002200696INLIS00000000000608320260419070847 a0010-0322000327ta aSBPUPADbInd0 aSyamsul KurniawanePengarang1 aPendidikan Karakter :bKonsepsi Dan Implementasinya Secara Terpadu Di Lingkungan Keluarga, Sekolah, Perguruan Tinggi Dan Masyarakat /cSyamsul Kurniawan, Editor, Rose KR a.-Cet.3 a241 hlm. :bilus. ;c17x24 cm aBibliografi, hal 227 aInd a370.114 a370.114 KUR p a370.114 KUR p 6-9 a.--Yogyakarta :bAr-Ruzz Media,c2016 2rdacontentaTeks 2rdamediaaTanpa Perantara 2rdacarrieravolume 4aPendidikan aPUPAD260419 0  a978-602-7874-48-0 aIndeks, hal 237, Biografi Penulis, hal 241 aEditor, Rose KRePengarang a24.352/H/DPK/2017